000 00686nam a2200253Ia 4500
003 OSt
005 20220918164519.0
006 a|||||r|||| 00| 0
007 ta
008 220917b |||||||| |||| 00| 0 eng d
020 _a0670031844
024 _a224,908
037 _cTextual
040 _aARTS
_cARTS
_beng
041 _2eng
_aeng
082 _aV2.M, P2;P3
100 _aDalrymple William
_913228
245 0 _aWhite mughals
_b Love and betrayal in eighteenth century India
260 _aNew York
_bViking USA
_c2003
300 _axLvii, 459p
_ccm.
650 _aHISTORY
942 _hV2.M, P2;P3
_cTEXL
_2CC
999 _c125129
_d125129